La sustentabilidad ambiental del agro pampeano /
Guardado en:
| Autor Principal: | |
|---|---|
| Autor Corporativo: | |
| Formato: | Libro |
| Idioma: | Spanish |
| Publicado: |
Buenos Aires :
INTA,
2002.
|
| Etiquetas: |
Agregar Etiqueta
Sin Etiquetas, Sea el primero en etiquetar este registro!
|
| LEADER | 00576nam a22001695a 4500 | ||
|---|---|---|---|
| 001 | EEA.libagro007010 | ||
| 005 | 20170425090931.0 | ||
| 008 | 130809s2002####ag#a##########000#0#spa#d | ||
| 020 | |a 9875210528 | ||
| 082 | 0 | 4 | |a 333.716 |
| 082 | 0 | 4 | |a 639.9 |
| 100 | 1 | |a Viglizzo, Ernesto F. | |
| 245 | 1 | 3 | |a La sustentabilidad ambiental del agro pampeano / |c Ernesto F. Viglizzo ... [et al.]. |
| 260 | |a Buenos Aires : |b INTA, |c 2002. | ||
| 300 | |a 84 p. : |b il. ; |c 28 cm. | ||
| 710 | 2 | |a Instituto Nacional de Tecnología Agropecuaria (Argentina) | |
| 859 | |a AR-BbBCA |b BIB. AGRONOMIA |h 333.716 |i V677-1 |p 2003/4381 | ||
